00595nab a2200169 i 4500001000400000003000400004005001700008008003900025040000800064080001500072100014000087245009800227260001000325500002600335650001700361773004700378BPPBPK20160111112506.0160111s1982 pl | | |000 ||pol cBPK a621.73/.77 aLACKOWSKI, Bogusław.d1980 - 2005.bWyższa Szkoła Inżynierska w Koszalinie - Wydział Mechaniczny,cZakład Obróbki Plastycznej aCzynniki wpływające na dokładność wymiarową sek wtryskowych /cBogusław Lackowski. c1982. aDane z kartoteki bpp. 0aTechnologia. iW :tMechanik. -g1982, nr 8-9, s. 479-482